000 006010000a22001930004500
090 _aAR
_b02544
245 1 0 _aRecent records of the river otter from Nebraska
650 1 4 _aMamíferos
_992510
650 1 4 _aNuevos registros
_994719
650 1 4 _aDistribución
_992865
650 1 4 _aSistemática animal
_992968
651 4 _dNebraska
_pEstados Unidos
_992749
653 _gLutra
_eLutra canadiensis
041 0 _aInglés
700 1 _aJones, J. Knox
_99498
100 1 _aFarney, John P.
_996027
942 _cARTICULO
773 1 _tTransactions of the Kansas Academy of Science
_342
_h3
_q275-276
_d1978
_g81
999 _c11608
_d11608